[Event "Bay Area op"]
[Site "Santa Clara"]
[Date "2014.01.07"]
[Round "8"]
[White "Iyengar, Udit"]
[Black "Klotz Burwell, Hunter P"]
[Result "1-0"]
[WhiteElo "2031"]
[BlackElo "2006"]
[PlyCount "107"]
[EventDate "2014.01.02"]
[EventType "swiss"]
[EventRounds "9"]
[EventCountry "USA"]
[SourceTitle "CBM 158 Extra"]
[Source "ChessBase"]
[SourceDate "2014.02.28"]
[SourceVersion "1"]
[SourceVersionDate "2014.02.28"]
[SourceQuality "1"]

1. e4 e5 2. Nf3 Nf6 3. Nxe5 d6 4. Nf3 Nxe4 5. Nc3 Nxc3 6. dxc3 Be7 7. Be3 Nc6 8. Qd2 Bg4 9. Be2 Qd7 10. 0-0 0-0 11. a4 a5 12. h3 Bh5 13. Nd4 Bxe2 14. Qxe2 Rfe8 15. Qf3 Bf6 16. Nb5 Rab8 17. Rad1 Ne5 18. Qg3 Nc4 19. Bc1 Rbc8 20. b3 Nb6 21. Be3 Na8 22. c4 Qf5 23. Rd2 Re4 24. Rd5 Re5 25. Qg4 Qxg4 26. hxg4 Re4 27. g5 Be5 28. Rd3 Re8 29. Rfd1 Bf4 30. Nc3 Rxe3 31. fxe3 Bxe3+ 32. Kf1 Bxg5 33. Re1 Re6 34. Rd5 Bf6 35. Rxe6 fxe6 36. Rxa5 Nb6 37. Ne4 Be7 38. Ra7 d5 39. cxd5 exd5 40. a5 dxe4 41. axb6 cxb6 42. Rxb7 Bc5 43. c3 Kf8 44. b4 Be3 45. Ke2 Bg1 46. c4 h5 47. Rc7 h4 48. c5 bxc5 49. bxc5 Bd4 50. c6 Be5 51. Rd7 Ke8 52. Ke3 g5 53. Kxe4 Bf4 54. Kf5 1-0

[Event "Bay Area op"]
[Site "Santa Clara"]
[Date "2014.01.05"]
[Round "6"]
[White "Iyengar, Udit"]
[Black "Coraretti, Benjamin J"]
[Result "0-1"]
[WhiteElo "2031"]
[BlackElo "2170"]
[PlyCount "134"]
[EventDate "2014.01.02"]
[EventType "swiss"]
[EventRounds "9"]
[EventCountry "USA"]
[SourceTitle "CBM 158 Extra"]
[Source "ChessBase"]
[SourceDate "2014.02.28"]
[SourceVersion "1"]
[SourceVersionDate "2014.02.28"]
[SourceQuality "1"]

1. e4 e5 2. Nf3 Nc6 3. Bb5 Nf6 4. 0-0 Bc5 5. c3 0-0 6. d4 Bb6 7. Bg5 h6 8. Bh4 d6 9. Re1 Bd7 10. d5 Ne7 11. Bxd7 Nxd7 12. a4 a6 13. Qd3 Qe8 14. Nbd2 Ng6 15. Bg3 Nf6 16. Nc4 Ba7 17. Nh4 Nxh4 18. Bxh4 Nh5 19. Qf3 Nf4 20. Bg3 Ng6 21. Ne3 Bxe3 22. fxe3 Qe7 23. Qg4 Qg5 24. Qxg5 hxg5 25. Rf1 a5 26. b4 Ne7 27. Rfd1 Nc8 28. Ra2 Nb6 29. Rda1 Ra7 30. Rc1 Rfa8 31. Be1 Nd7 32. Kf2 Nf6 33. Kf3 g4+ 34. Ke2 Nxe4 35. Kd3 f5 36. Bd2 Kf7 37. Be1 Ke7 38. h3 g3 39. Ke2 Kd7 40. b5 b6 41. Kf3 Rh8 42. Bxg3 Raa8 43. Rac2 g5 44. Rf1 g4+ 45. hxg4 Rag8 46. Be1 Rxg4 47. g3 Nc5 48. Kg2 Rh5 49. Rcf2 Rgg5 50. Ra2 Ke7 51. Bd2 Rg4 52. Kf3 Rh2 53. Rf2 Rxf2+ 54. Kxf2 Ne4+ 55. Kg2 Rxg3+ 56. Kh2 Rf3 57. Be1 Rxe3 58. Bh4+ Kd7 59. c4 Rd3 60. Ra1 f4 61. Rg1 Ng3 62. Rc1 Ra3 63. Rc2 Nf5 64. Bf6 Rg3 65. Re2 Rg6 66. Bxe5 dxe5 67. Rxe5 Nd6 0-1

[Event "Bay Area op"]
[Site "Santa Clara"]
[Date "2014.01.03"]
[Round "3"]
[White "Chevannes, Sabrina"]
[Black "Iyengar, Udit"]
[Result "1/2-1/2"]
[WhiteElo "2176"]
[BlackElo "2031"]
[PlyCount "92"]
[EventDate "2014.01.02"]
[EventType "swiss"]
[EventRounds "9"]
[EventCountry "USA"]
[SourceTitle "CBM 158 Extra"]
[Source "ChessBase"]
[SourceDate "2014.02.28"]
[SourceVersion "1"]
[SourceVersionDate "2014.02.28"]
[SourceQuality "1"]

1. d4 d5 2. c4 e6 3. Nf3 Nf6 4. Nc3 Be7 5. cxd5 exd5 6. Qc2 0-0 7. Bg5 b6 8. e3 Be6 9. Bd3 h6 10. Bh4 c5 11. dxc5 bxc5 12. Rd1 Qa5 13. 0-0 Nc6 14. a3 Rfd8 15. Bf5 d4 16. Bxe6 dxc3 17. Bc4 cxb2 18. Qxb2 Rab8 19. Qa2 Rf8 20. Bg3 Rbd8 21. Rxd8 Qxd8 22. Qc2 Na5 23. Be2 c4 24. Ne5 Bxa3 25. Qa4 Bc5 26. Ra1 Bb6 27. Nxc4 Nxc4 28. Bxc4 Qe7 29. Qc2 Ne4 30. Bf4 Rd8 31. Rd1 Rxd1+ 32. Qxd1 Qf6 33. Qe1 a5 34. h3 a4 35. Bd5 Nc3 36. Bc4 a3 37. Qd2 Ba5 38. Qc2 Qc6 39. Bb3 Qb5 40. Bd6 Bb4 41. Qg6 Nd5 42. Qf5 Bxd6 43. Bxd5 Qe8 44. g3 Be5 45. Kg2 Bf6 46. Qc2 Qe7 1/2-1/2

[Event "Bay Area op"]
[Site "Santa Clara"]
[Date "2014.01.02"]
[Round "1"]
[White "Iyengar, Udit"]
[Black "Wang, Jue"]
[Result "0-1"]
[WhiteElo "2031"]
[BlackElo "2396"]
[PlyCount "142"]
[EventDate "2014.01.02"]
[EventType "swiss"]
[EventRounds "9"]
[EventCountry "USA"]
[SourceTitle "CBM 158 Extra"]
[Source "ChessBase"]
[SourceDate "2014.02.28"]
[SourceVersion "1"]
[SourceVersionDate "2014.02.28"]
[SourceQuality "1"]

1. e4 c5 2. Nf3 d6 3. Bb5+ Nd7 4. 0-0 a6 5. Bd3 Ngf6 6. c3 b5 7. Re1 Bb7 8. Bc2 e5 9. d4 Be7 10. d5 Qc7 11. Nbd2 c4 12. Nf1 0-0 13. Ng3 g6 14. h3 Rfb8 15. Be3 a5 16. Rc1 Nc5 17. a3 Bc8 18. Nd2 Nfd7 19. f4 exf4 20. Bxf4 Ne5 21. Bxe5 dxe5 22. Qf3 Bg5 23. Rcd1 Ra6 24. Rf1 Rf6 25. Qe2 Bf4 26. Rf3 h5 27. Ngf1 Rbb6 28. Ne3 a4 29. Kh1 Rbd6 30. Rdf1 Kg7 31. Rg1 Qd8 32. Ndf1 Qh8 33. Nh2 Qh6 34. Re1 Qg5 35. Qf2 h4 36. Neg4 Bxg4 37. Nxg4 Bg3 38. Qxc5 Bxe1 39. Nxf6 Rxf6 40. Rxf6 Qxf6 41. Qg1 Qf2 42. Bd1 Qd2 43. Bg4 Bf2 44. Qb1 Be1 45. Qd1 Qxd1 46. Bxd1 f5 47. Bf3 Bd2 48. d6 Kf6 49. exf5 gxf5 50. Bc6 Bc1 51. Bxb5 Bxb2 52. Bxc4 Bxa3 53. d7 Be7 54. Kg1 Bc5+ 55. Kf1 Ke7 56. Ke2 a3 57. Kf3 Kxd7 58. Ba2 Ke7 59. Bb3 Kf6 60. Ba2 Kg5 61. Bb3 e4+ 62. Ke2 Kf4 63. Ba2 Kg3 64. Kf1 f4 65. Bd5 f3 66. gxf3 exf3 67. Be6 f2 68. Bd5 Kxh3 69. Be6+ Kg3 70. Bd5 h3 71. Ke2 h2 0-1

[Event "Los Angeles Metropolitan qual 18th"]
[Site "Los Angeles"]
[Date "2012.03.31"]
[Round "3"]
[White "Iyengar, Udit"]
[Black "King, Alexander B"]
[Result "0-1"]
[WhiteElo "2003"]
[BlackElo "2140"]
[PlyCount "58"]
[EventDate "2012.03.30"]
[EventType "swiss"]
[EventRounds "5"]
[EventCountry "USA"]
[SourceTitle "EXT 2013"]
[Source "ChessBase"]
[SourceDate "2012.11.22"]
[SourceVersion "1"]
[SourceVersionDate "2012.11.22"]
[SourceQuality "1"]

1. e4 e5 2. Nf3 Nc6 3. Bc4 Bc5 4. 0-0 Nf6 5. d4 exd4 6. e5 d5 7. Bb5 Ne4 8. Nxd4 Bd7 9. Bxc6 bxc6 10. f3 Ng5 11. f4 Ne4 12. Be3 Bb6 13. Nc3 Nxc3 14. bxc3 0-0 15. Qf3 f6 16. Qg3 Qe7 17. Rae1 fxe5 18. fxe5 Rxf1+ 19. Rxf1 Re8 20. Bf4 c5 21. Nf3 Bf5 22. Bg5 Qd7 23. Bf6 Bg6 24. Ng5 c4+ 25. Kh1 Rf8 26. h3 gxf6 27. exf6 Qd6 28. Qf3 h6 29. f7+ Kg7 0-1

[Event "Northern California op"]
[Site "Fremont"]
[Date "2012.01.06"]
[Round "7"]
[White "Iyengar, Udit"]
[Black "Studen, Damir"]
[Result "0-1"]
[WhiteElo "1991"]
[BlackElo "2248"]
[PlyCount "130"]
[EventDate "2012.01.02"]
[EventType "swiss"]
[EventRounds "9"]
[EventCountry "USA"]
[SourceTitle "CBM 146 Extra"]
[Source "ChessBase"]
[SourceDate "2012.02.29"]
[SourceVersion "1"]
[SourceVersionDate "2012.02.29"]
[SourceQuality "1"]

1. e4 d5 2. exd5 Qxd5 3. d4 Qa5+ 4. c3 c6 5. Nf3 Nf6 6. Be2 Bf5 7. Nbd2 e6 8. 0-0 Be7 9. Nc4 Qc7 10. Ne3 0-0 11. Nxf5 exf5 12. Bd3 g6 13. Re1 Re8 14. Bg5 Nbd7 15. Qc2 Bd6 16. h3 Kg7 17. Qd2 Ng8 18. c4 h6 19. c5 hxg5 20. cxd6 Qxd6 21. Qxg5 Qf6 22. Qf4 Nb6 23. Re5 Nd5 24. Qd2 Qd6 25. Rae1 Re7 26. Bc4 f6 27. Rxe7+ Ngxe7 28. a3 Nb6 29. Ba2 Ned5 30. Qe2 Rd8 31. Bb1 Rd7 32. Nh4 Re7 33. Qd1 Rxe1+ 34. Qxe1 Qf4 35. g3 Qc7 36. Qe2 Qe7 37. Qxe7+ Nxe7 38. Bd3 Kf7 39. b3 Ke6 40. g4 fxg4 41. hxg4 g5 42. Nf3 Kd5 43. Kf1 a5 44. a4 c5 45. dxc5 Kxc5 46. Ke2 Kb4 47. Nd2 Nbd5 48. Bc4 Nc3+ 49. Kf3 Nc6 50. Bg8 Ne5+ 51. Kg3 Kc5 52. f3 Kd4 53. Nc4 Nxc4 54. Bxc4 Nxa4 55. f4 Nb2 56. fxg5 fxg5 57. Bf7 Ke3 58. Bd5 b6 59. Bf7 a4 60. bxa4 Nxa4 61. Be6 Nc3 62. Bb3 b5 63. Be6 b4 64. Bb3 Ne4+ 65. Kg2 Nd2 0-1

[Event "Northern California op"]
[Site "Fremont"]
[Date "2012.01.05"]
[Round "6"]
[White "Haessel, Dale R"]
[Black "Iyengar, Udit"]
[Result "0-1"]
[WhiteElo "2190"]
[BlackElo "1991"]
[PlyCount "48"]
[EventDate "2012.01.02"]
[EventType "swiss"]
[EventRounds "9"]
[EventCountry "USA"]
[SourceTitle "CBM 146 Extra"]
[Source "ChessBase"]
[SourceDate "2012.02.29"]
[SourceVersion "1"]
[SourceVersionDate "2012.02.29"]
[SourceQuality "1"]

1. d4 d5 2. c4 e6 3. Nf3 Nf6 4. Nc3 Nbd7 5. Bg5 c6 6. e3 Qa5 7. cxd5 exd5 8. Rc1 Ne4 9. Bd3 Nxg5 10. Nxg5 Nf6 11. 0-0 h6 12. Nf3 Bd6 13. Qe1 Qd8 14. e4 dxe4 15. Nxe4 0-0 16. Nxd6 Qxd6 17. h3 Be6 18. b3 Rad8 19. Qa5 a6 20. Rfd1 Nd5 21. Ne5 Nf4 22. Bf1 Bd5 23. Qb6 Qe7 24. Rc3 Bxg2 0-1